000 00494nam a2200181Ia 4500
001 2743
005 20260306144829.0
008 260306t1995||||xx |||||||||||||| ||spa||
041 _aESP
082 _a220.601
_bR27
100 _aRatzinger, Joseph
_eAUT
245 0 _aLa interpretacion bíblica en crisis:
_bproblemas del fundamento y la orientación de la exégesis hoy
260 _c1995
300 _a59 páginas :
_c20 cm.
650 _aGEN
654 _aCHU
942 _cLIB
_dJUS
_fJUS
_2ddc
_n
999 _c2743
_d2743